000 00983nam a2200265Ia 4500
003 GCL
008 140319s9999 xx 000 0 ara d
020 _a113322977
040 _aGCL /
_cGCL
082 0 4 _a213.959
_bم ا
100 1 _aمحمود احمد قمر
245 1 0 _aالاسلام والمسلمون فى شرق و جنوب شرق اسيا /
_cمحمود احمد قمر
250 _aالاولى
260 _aالقاهرة :
_bعين للدراسات والبحوث الانسانية والاجتماعية ،
_c2003
300 _a181 ص ؛
_c24 سم
650 0 4 _aالاسلام - دعوة
650 0 4 _aانتشار الاسلام
650 0 4 _aالمسلمون فى اسيا
650 0 4 _aالاسلام - تاريخ
650 0 4 _aالمسلمون فى الصين
650 0 4 _aالمسلمون فى اندونسيا
650 0 4 _aاسيا - الاحوال الاجتماعية
650 0 4 _aالمسلمون فى اليابان
942 _2ddc
_cBK
999 _c8709
_d8709